000 00542nam a2200193 a 4500
001 1628
005 20180713181650.0
008 140415s1978 mx 000 0 spa d
041 _aspa
082 _a339
_bDEL
100 1 _aDERNBURG, THOMAS F.
245 1 0 _aMACROECONOMIA :
_bLA MEDICION, ANALISIS Y CONTROL DE LA ACTIVIDAD ECONOMICA
250 _a1a ed.
260 _aMEXICO :
_bDIANA,
_c1978
300 _a576
650 1 4 _aMACROECONOMIA
700 1 _aMARTINEZ, ENRIQUE
_etr.
700 1 _aMCDOUGALL, DUNCAN M.
_ecoaut.
999 _c1628
_d1628